[Event "POL-chT 1st League"]
[Site "Leba"]
[Date "2023.09.27"]
[Round "5.3"]
[White "Gesicki, Jacek"]
[Black "Pniaczek, Marek"]
[Result "1/2-1/2"]
[WhiteElo "2204"]
[BlackElo "2143"]
[PlyCount "47"]
[EventDate "2023.09.23"]
[EventType "team-swiss"]
[EventRounds "9"]
[EventCountry "POL"]
[SourceTitle "EXT 2024"]
[Source "ChessBase"]
[SourceDate "2023.10.10"]
[SourceVersion "1"]
[SourceVersionDate "2023.10.10"]
[SourceQuality "1"]
[WhiteTeam "Sedziszow Malopolski"]
[BlackTeam "Jastrzebie Zdroj Pionier"]
[WhiteTeamCountry "POL"]
[BlackTeamCountry "POL"]

1. e4 c5 2. Nf3 Nc6 3. d4 cxd4 4. Nxd4 e6 5. Nc3 a6 6. g3 Nxd4 7. Qxd4 b5 8. Bg2 Bb7 9. 0-0 Ne7 10. Bf4 f6 11. Bd6 Nc6 12. Qd2 Bxd6 13. Qxd6 Rc8 14. Qd2 Ne5 15. Nd1 d5 16. exd5 Bxd5 17. Nc3 Bxg2 18. Qxd8+ Kxd8 19. Kxg2 Nc4 20. a4 Nxb2 21. Rfb1 Rxc3 22. Rxb2 Kd7 23. axb5 axb5 24. Ra7+ 1/2-1/2

[Event "POL-chT 1st League"]
[Site "Leba"]
[Date "2023.09.24"]
[Round "2.4"]
[White "Butkiewicz, Lukasz"]
[Black "Gesicki, Jacek"]
[Result "1/2-1/2"]
[WhiteElo "2350"]
[BlackElo "2204"]
[PlyCount "93"]
[EventDate "2023.09.23"]
[EventType "team-swiss"]
[EventRounds "9"]
[EventCountry "POL"]
[SourceTitle "EXT 2024"]
[Source "ChessBase"]
[SourceDate "2023.10.10"]
[SourceVersion "1"]
[SourceVersionDate "2023.10.10"]
[SourceQuality "1"]
[WhiteTeam "Wisznia Mala Bialy Krol"]
[BlackTeam "Sedziszow Malopolski"]
[WhiteTeamCountry "POL"]
[BlackTeamCountry "POL"]

1. d4 c5 2. d5 d6 3. c4 Nf6 4. Nc3 g6 5. e4 Bg7 6. Bd3 0-0 7. h3 e6 8. Nf3 exd5 9. exd5 Re8+ 10. Be3 Na6 11. 0-0 Nc7 12. a4 Na6 13. Rc1 Nb4 14. Bb1 Nd7 15. Qd2 Ne5 16. Nxe5 Bxe5 17. Bf4 f5 18. Rfe1 Bd7 19. Bxe5 Rxe5 20. Rxe5 dxe5 21. Re1 Qe7 22. d6 Qe6 23. f4 e4 24. b3 Rd8 25. Nxe4 fxe4 26. Bxe4 Qf7 27. Bxb7 Be6 28. Bf3 Re8 29. Rd1 Bf5 30. Qf2 Rc8 31. Rd2 Kf8 32. Qe3 Nc2 33. Qe5 Nd4 34. Bd5 Qg7 35. b4 Re8 36. Qxg7+ Kxg7 37. bxc5 Nb3 38. Rb2 Nxc5 39. Rb5 Nxa4 40. Rb7+ Kh8 41. Bc6 Nc5 42. Rb5 Nd7 43. Rb7 Rd8 44. Rxa7 Nb8 45. Bf3 Rxd6 46. c5 Ra6 47. Rc7 1/2-1/2

[Event "POL-chT 1st League"]
[Site "Sypniewo"]
[Date "2022.09.09"]
[Round "7.4"]
[White "Syrkiewicz, Michal"]
[Black "Gesicki, Jacek"]
[Result "1/2-1/2"]
[WhiteElo "2171"]
[BlackElo "2195"]
[PlyCount "57"]
[EventDate "2022.09.03"]
[EventType "team-swiss"]
[EventRounds "9"]
[EventCountry "POL"]
[SourceTitle "CBM 210 Extra"]
[Source "ChessBase"]
[SourceDate "2022.11.30"]
[SourceVersion "1"]
[SourceVersionDate "2022.11.30"]
[SourceQuality "1"]
[WhiteTeam "Gostynin Gostmat 83"]
[BlackTeam "Sedziszow Malopolski"]
[WhiteTeamCountry "POL"]
[BlackTeamCountry "POL"]

1. e4 c5 2. Nf3 Nc6 3. Bb5 d6 4. c3 Bd7 5. Qe2 g6 6. d4 cxd4 7. cxd4 Bg7 8. Bxc6 Bxc6 9. Nc3 Nf6 10. d5 Bd7 11. h3 b5 12. a3 a5 13. 0-0 0-0 14. Bd2 b4 15. axb4 axb4 16. Na2 Qb6 17. Nxb4 Bb5 18. Nd3 Bxd3 19. Qxd3 Rxa1 20. Rxa1 Qxb2 21. Bc3 Qb7 22. Bd4 Ra8 23. Rb1 Qc7 24. Bb6 Qb7 25. Bd4 Qc8 26. Be3 Nd7 27. Bd4 Nc5 28. Bxc5 Qxc5 29. Qb5 1/2-1/2

[Event "POL-chT 2nd League"]
[Site "Poronin"]
[Date "2020.09.11"]
[Round "7.7"]
[White "Rusiniak, Slawomir"]
[Black "Gesicki, Jacek"]
[Result "1/2-1/2"]
[WhiteElo "2098"]
[BlackElo "2223"]
[PlyCount "26"]
[EventDate "2020.09.05"]
[EventType "team-swiss"]
[EventRounds "9"]
[EventCountry "POL"]
[SourceTitle "CBM 198 Extra"]
[Source "ChessBase"]
[SourceDate "2020.11.30"]
[SourceVersion "1"]
[SourceVersionDate "2020.11.30"]
[SourceQuality "1"]
[WhiteTeam "Zakrzewo Korona"]
[BlackTeam "Sedziszow Spoldzielczy"]
[WhiteTeamCountry "POL"]
[BlackTeamCountry "POL"]

1. d4 Nf6 2. Nf3 c5 3. c3 cxd4 4. cxd4 d5 5. Nc3 Nc6 6. Bf4 Ne4 7. e3 Nxc3 8. bxc3 e6 9. Bd3 Bd6 10. Bxd6 Qxd6 11. e4 dxe4 12. Bxe4 h6 13. 0-0 0-0 1/2-1/2

[Event "POL-chT 2nd League"]
[Site "Poronin"]
[Date "2020.09.09"]
[Round "5.5"]
[White "Kamieniecki, Tomasz"]
[Black "Gesicki, Jacek"]
[Result "0-1"]
[WhiteElo "1930"]
[BlackElo "2223"]
[PlyCount "72"]
[EventDate "2020.09.05"]
[EventType "team-swiss"]
[EventRounds "9"]
[EventCountry "POL"]
[SourceTitle "CBM 198 Extra"]
[Source "ChessBase"]
[SourceDate "2020.11.30"]
[SourceVersion "1"]
[SourceVersionDate "2020.11.30"]
[SourceQuality "1"]
[WhiteTeam "Koszalin Hetman Politechnika"]
[BlackTeam "Sedziszow Spoldzielczy"]
[WhiteTeamCountry "POL"]
[BlackTeamCountry "POL"]

1. d4 Nf6 2. c4 c5 3. d5 e6 4. Nc3 exd5 5. cxd5 d6 6. e4 g6 7. f3 Bg7 8. Bg5 0-0 9. Qd2 a6 10. a4 Nbd7 11. Nh3 Qa5 12. Ra3 Re8 13. Be2 h5 14. 0-0 Nh7 15. Be3 Ne5 16. Nf2 f5 17. h3 Nf6 18. exf5 gxf5 19. Bh6 Bh8 20. g4 Kh7 21. f4 Nf7 22. g5 Nxh6 23. gxf6 Bxf6 24. Bxh5 Rg8+ 25. Kh1 Bd7 26. Qc2 Kh8 27. Ne2 Qc7 28. Rg3 Rxg3 29. Nxg3 Rg8 30. Rg1 Qa5 31. Bd1 Bd4 32. Qe2 Qd8 33. Nh5 Re8 34. Qf3 Qh4 35. Rg6 Ng4 36. Nxg4 Qe1+ 0-1

[Event "POL-chT 2nd League"]
[Site "Poronin"]
[Date "2020.09.08"]
[Round "4.3"]
[White "Gesicki, Jacek"]
[Black "Fudalej, Michal"]
[Result "1/2-1/2"]
[WhiteElo "2223"]
[BlackElo "2191"]
[PlyCount "37"]
[EventDate "2020.09.05"]
[EventType "team-swiss"]
[EventRounds "9"]
[EventCountry "POL"]
[SourceTitle "CBM 198 Extra"]
[Source "ChessBase"]
[SourceDate "2020.11.30"]
[SourceVersion "1"]
[SourceVersionDate "2020.11.30"]
[SourceQuality "1"]
[WhiteTeam "Sedziszow Spoldzielczy"]
[BlackTeam "Wroclaw Polonia"]
[WhiteTeamCountry "POL"]
[BlackTeamCountry "POL"]

1. e4 c6 2. d4 d5 3. exd5 cxd5 4. c4 Nf6 5. Nc3 Nc6 6. Nf3 Bg4 7. cxd5 Nxd5 8. Bc4 e6 9. 0-0 Be7 10. Bb5 0-0 11. Bxc6 bxc6 12. h3 Nxc3 13. bxc3 Bxf3 14. Qxf3 c5 15. dxc5 Qc7 16. Be3 Bxc5 17. Bxc5 Qxc5 18. Rfd1 Rfd8 19. Rab1 1/2-1/2

[Event "POL-chT 2nd League"]
[Site "Poronin"]
[Date "2020.09.07"]
[Round "3.4"]
[White "Gosciniak, Maria"]
[Black "Gesicki, Jacek"]
[Result "1-0"]
[WhiteElo "2094"]
[BlackElo "2223"]
[PlyCount "69"]
[EventDate "2020.09.05"]
[EventType "team-swiss"]
[EventRounds "9"]
[EventCountry "POL"]
[SourceTitle "CBM 198 Extra"]
[Source "ChessBase"]
[SourceDate "2020.11.30"]
[SourceVersion "1"]
[SourceVersionDate "2020.11.30"]
[SourceQuality "1"]
[WhiteTeam "Grzybowo GKSz Solny"]
[BlackTeam "Sedziszow Spoldzielczy"]
[WhiteTeamCountry "POL"]
[BlackTeamCountry "POL"]

1. e4 c5 2. Nf3 Nc6 3. d4 cxd4 4. Nxd4 e5 5. Nb3 Nf6 6. Nc3 Bb4 7. Bg5 h6 8. Bxf6 Bxc3+ 9. bxc3 Qxf6 10. Bc4 0-0 11. 0-0 d6 12. Bd5 Qe7 13. Nd2 Qc7 14. Rb1 Ne7 15. c4 Nxd5 16. cxd5 f5 17. Rb4 Bd7 18. c4 fxe4 19. Nxe4 Rf4 20. Nd2 Raf8 21. Rb2 b6 22. Qe2 Bf5 23. Rb3 Kh8 24. Qe3 Qf7 25. Ra3 Rg4 26. Qe2 Qg6 27. f3 Rd4 28. Ne4 Bxe4 29. fxe4 Rxf1+ 30. Qxf1 Qxe4 31. Rg3 Kh7 32. h3 Qh4 33. Qf5+ Kg8 34. Qe6+ Kf8 35. Qc8+ 1-0

[Event "SM-2019-0-00414"]
[Site "LSS email"]
[Date "2019.12.31"]
[Round "?"]
[White "Wlodarczyk, Robert"]
[Black "Gesicki, Jacek"]
[Result "1/2-1/2"]
[WhiteElo "2246"]
[BlackElo "2401"]
[PlyCount "61"]
[EventDate "2019.07.21"]
[EventType "tourn (corr)"]
[EventRounds "6"]
[EventCountry "GER"]
[SourceTitle "Corr 2022"]
[Source "ChessBase"]
[SourceDate "2021.10.24"]
[SourceVersion "1"]
[SourceVersionDate "2021.10.24"]
[SourceQuality "1"]

1. e4 e5 2. Nf3 Nc6 3. Bc4 Nf6 4. Ng5 d5 5. exd5 Na5 6. Bb5+ c6 7. dxc6 bxc6 8. Be2 h6 9. Nh3 g5 10. d3 Bg7 11. Ng1 0-0 12. Nc3 Be6 13. g4 Nd5 14. h4 Nxc3 15. bxc3 f6 16. Bf3 e4 17. Bxe4 f5 18. gxf5 Bxf5 19. Bxf5 Bxc3+ 20. Bd2 Bxd2+ 21. Kxd2 Nc4+ 22. Kc1 Rxf5 23. dxc4 Qe7 24. Rh3 Re5 25. Kb2 Qf6 26. Qd4 Rd8 27. Qc3 Rb8+ 28. Kc1 Qxf2 29. Qxe5 Qxg1+ 30. Kd2 Qg2+ 31. Kc1 1/2-1/2

[Event "RM-2019-0-00191"]
[Site "LSS email"]
[Date "2019.12.18"]
[Round "?"]
[White "Gesicki, Jacek"]
[Black "Glatthaar, Michael"]
[Result "1/2-1/2"]
[WhiteElo "2404"]
[BlackElo "2534"]
[PlyCount "37"]
[EventDate "2019.05.05"]
[EventType "tourn (corr)"]
[EventRounds "6"]
[EventCountry "GER"]
[SourceTitle "Corr 2022"]
[Source "ChessBase"]
[SourceDate "2021.10.24"]
[SourceVersion "1"]
[SourceVersionDate "2021.10.24"]
[SourceQuality "1"]

1. d4 Nf6 2. c4 e6 3. g3 d5 4. Bg2 Bb4+ 5. Bd2 Be7 6. Nf3 0-0 7. 0-0 c6 8. Qc2 b6 9. Bf4 Bb7 10. Rd1 Nbd7 11. Nc3 dxc4 12. Nd2 Nd5 13. Nxc4 Nxf4 14. gxf4 Qc7 15. e3 Rac8 16. a3 Rfd8 17. Rac1 b5 18. Ne5 c5 19. Nxb5 1/2-1/2

[Event "POL-chT 2nd League"]
[Site "Jastrzebia Gora"]
[Date "2019.09.07"]
[Round "1.20"]
[White "Gesicki, Jacek"]
[Black "Liberadzki, Slawomir"]
[Result "1/2-1/2"]
[WhiteElo "2234"]
[BlackElo "1983"]
[PlyCount "62"]
[EventDate "2019.09.07"]
[EventType "team-swiss"]
[EventRounds "9"]
[EventCountry "POL"]
[SourceTitle "EXT 2020"]
[Source "ChessBase"]
[SourceDate "2019.10.17"]
[SourceVersion "1"]
[SourceVersionDate "2019.10.17"]
[SourceQuality "1"]
[WhiteTeam "Sedziszow Malopolski"]
[BlackTeam "Skoczek Trojanski"]
[WhiteTeamCountry "POL"]
[BlackTeamCountry "POL"]

1. e4 c5 2. Nf3 e6 3. Nc3 Nc6 4. d4 cxd4 5. Nxd4 Qc7 6. g3 a6 7. Bg2 d6 8. 0-0 Bd7 9. Nxc6 Bxc6 10. Re1 Be7 11. Bf4 Nf6 12. e5 dxe5 13. Bxe5 Qb6 14. Bd4 Qc7 15. Be5 Qb6 16. Qd4 Qxd4 17. Bxc6+ Qd7 18. Bxd7+ Kxd7 19. Na4 Kc6 20. c4 Rhd8 21. Rab1 a5 22. a3 b6 23. Red1 Rxd1+ 24. Rxd1 Rd8 25. Rxd8 Bxd8 26. Bd4 b5 27. cxb5+ Kxb5 28. b3 Be7 29. Bb2 Nd5 30. Kf1 f6 31. Ke2 Bd6 1/2-1/2

[Event "SM-2019-0-00406"]
[Site "LSS email"]
[Date "2019.03.12"]
[Round "?"]
[White "Bernal Varela, Nelson"]
[Black "Gesicki, Jacek"]
[Result "1/2-1/2"]
[WhiteElo "2403"]
[BlackElo "2404"]
[PlyCount "62"]
[EventDate "2018.12.14"]
[EventType "tourn (corr)"]
[EventRounds "6"]
[EventCountry "GER"]
[SourceTitle "Corr 2022"]
[Source "ChessBase"]
[SourceDate "2021.10.24"]
[SourceVersion "1"]
[SourceVersionDate "2021.10.24"]
[SourceQuality "1"]

1. e4 e5 2. Nf3 Nc6 3. Bb5 Nf6 4. d3 Bc5 5. c3 0-0 6. 0-0 d6 7. Re1 Bb6 8. a4 a6 9. Bc4 Kh8 10. Be3 Bxe3 11. fxe3 b6 12. Nbd2 Ne7 13. b4 Ng6 14. Qc2 Bb7 15. Bb3 a5 16. b5 Rc8 17. Rab1 h6 18. Nf1 c6 19. bxc6 Bxc6 20. c4 Bd7 21. Qe2 Ne7 22. Ng3 Nc6 23. Rf1 Nb4 24. h3 g6 25. Rf2 Kg7 26. Rbf1 Nh7 27. Qd2 Qe8 28. d4 f6 29. Nh4 Be6 30. Qd1 Rc7 31. Kh1 Kh8 1/2-1/2

[Event "SM-2019-0-00406"]
[Site "LSS email"]
[Date "2019.03.12"]
[Round "?"]
[White "Rook, Detlef"]
[Black "Gesicki, Jacek"]
[Result "1/2-1/2"]
[WhiteElo "2407"]
[BlackElo "2404"]
[PlyCount "45"]
[EventDate "2018.12.14"]
[EventType "tourn (corr)"]
[EventRounds "6"]
[EventCountry "GER"]
[SourceTitle "Corr 2022"]
[Source "ChessBase"]
[SourceDate "2021.10.24"]
[SourceVersion "1"]
[SourceVersionDate "2021.10.24"]
[SourceQuality "1"]

1. e4 e5 2. Nf3 Nc6 3. d4 exd4 4. Nxd4 Nf6 5. Nxc6 bxc6 6. Qe2 a5 7. e5 Nd5 8. c4 Bb4+ 9. Nd2 Nf4 10. Qe3 Ng6 11. a3 Be7 12. h4 d6 13. exd6 cxd6 14. h5 Ne5 15. Nf3 Ng4 16. Qf4 d5 17. Bd3 Bd6 18. Qd4 Qe7+ 19. Kf1 f6 20. Be3 Nxe3+ 21. Qxe3 Qxe3 22. fxe3 dxc4 23. Bxc4 1/2-1/2

[Event "SM-2019-0-00405"]
[Site "LSS email"]
[Date "2019.02.17"]
[Round "?"]
[White "Walczak, Piotr"]
[Black "Gesicki, Jacek"]
[Result "1/2-1/2"]
[WhiteElo "2376"]
[BlackElo "2404"]
[PlyCount "71"]
[EventDate "2018.11.20"]
[EventType "tourn (corr)"]
[EventRounds "6"]
[EventCountry "GER"]
[SourceTitle "Corr 2022"]
[Source "ChessBase"]
[SourceDate "2021.10.24"]
[SourceVersion "1"]
[SourceVersionDate "2021.10.24"]
[SourceQuality "1"]

1. c4 e5 2. g3 c6 3. Nf3 e4 4. Nd4 d5 5. cxd5 Qxd5 6. Nc2 Nf6 7. Nc3 Qh5 8. Ne3 Bc5 9. Qc2 Bxe3 10. dxe3 Qe5 11. Bg2 Bf5 12. b4 0-0 13. 0-0 Na6 14. a3 Nc7 15. Bb2 Qe7 16. Rfd1 Rfe8 17. Rac1 a5 18. bxa5 Rxa5 19. a4 Ncd5 20. Nxd5 Nxd5 21. Rd4 Bg6 22. Rc4 f5 23. Bd4 h6 24. Bh3 Kh7 25. Rb1 Rea8 26. Rb2 Rc8 27. Rc5 Rxc5 28. Qxc5 Qxc5 29. Bxc5 b5 30. axb5 cxb5 31. Rxb5 Nc3 32. Ra5 Nxe2+ 33. Kg2 Rd8 34. Bb6 Rb8 35. Bc7 Rb1 36. Bxf5 1/2-1/2

[Event "SM-2018-0-00402"]
[Site "LSS email"]
[Date "2018.12.26"]
[Round "?"]
[White "Gesicki, Jacek"]
[Black "Cvak, Rudolf"]
[Result "1/2-1/2"]
[WhiteElo "2405"]
[BlackElo "2359"]
[PlyCount "38"]
[EventDate "2018.08.04"]
[EventType "tourn (corr)"]
[EventRounds "6"]
[EventCountry "GER"]
[SourceTitle "Corr 2022"]
[Source "ChessBase"]
[SourceDate "2021.10.24"]
[SourceVersion "1"]
[SourceVersionDate "2021.10.24"]
[SourceQuality "1"]

1. e4 e5 2. Nf3 Nc6 3. Bb5 Nf6 4. d3 Bc5 5. c3 0-0 6. 0-0 d6 7. h3 a6 8. Ba4 b5 9. Bc2 Bb6 10. a4 b4 11. Bg5 h6 12. Bh4 Be6 13. Nbd2 Rb8 14. Rc1 bxc3 15. bxc3 Kh8 16. Bg3 Re8 17. Re1 Rg8 18. Rb1 Qf8 19. Bb3 Qc8 1/2-1/2

[Event "RM-2018-0-00182"]
[Site "LSS email"]
[Date "2018.07.06"]
[Round "?"]
[White "Gesicki, Jacek"]
[Black "Muniz Pardino, Alberto"]
[Result "1/2-1/2"]
[WhiteElo "2399"]
[BlackElo "2242"]
[PlyCount "46"]
[EventDate "2018.02.03"]
[EventType "tourn (corr)"]
[EventRounds "6"]
[EventCountry "GER"]
[SourceTitle "Corr 2022"]
[Source "ChessBase"]
[SourceDate "2021.10.24"]
[SourceVersion "1"]
[SourceVersionDate "2021.10.24"]
[SourceQuality "1"]

1. e4 c5 2. Nf3 d6 3. d4 cxd4 4. Nxd4 Nf6 5. Nc3 a6 6. g3 e5 7. Nde2 b5 8. Nd5 Nbd7 9. Nec3 Be7 10. a4 Nxd5 11. Nxd5 bxa4 12. Be3 0-0 13. Rxa4 Bb7 14. Bc4 Bg5 15. Bxg5 Qxg5 16. Ra3 a5 17. 0-0 Qd8 18. b3 Nb6 19. Nxb6 Qxb6 20. Bd5 Rfc8 21. Bxb7 Qxb7 22. Qd3 Qc6 23. c4 Qc5 1/2-1/2

[Event "RM-2018-0-00182"]
[Site "LSS email"]
[Date "2018.04.12"]
[Round "?"]
[White "Lelito, Jerzy"]
[Black "Gesicki, Jacek"]
[Result "1/2-1/2"]
[WhiteElo "2297"]
[BlackElo "2399"]
[PlyCount "67"]
[EventDate "2018.02.03"]
[EventType "tourn (corr)"]
[EventRounds "6"]
[EventCountry "GER"]
[SourceTitle "Corr 2022"]
[Source "ChessBase"]
[SourceDate "2021.10.24"]
[SourceVersion "1"]
[SourceVersionDate "2021.10.24"]
[SourceQuality "1"]

1. e4 e5 2. Nf3 Nc6 3. Bb5 Nf6 4. 0-0 Nxe4 5. Re1 Nd6 6. Nxe5 Be7 7. Bf1 Nxe5 8. Rxe5 0-0 9. d4 Ne8 10. d5 Bc5 11. Re1 d6 12. c4 Qh4 13. Be3 Bxe3 14. Rxe3 Nf6 15. Qc2 Bd7 16. Nc3 Rae8 17. Rae1 Qg5 18. Qc1 Rxe3 19. Qxe3 Qxe3 20. Rxe3 Ng4 21. Re7 Rd8 22. f4 Nf6 23. Bd3 Kf8 24. Re1 c6 25. dxc6 bxc6 26. h3 g6 27. Kf2 Be6 28. b3 d5 29. cxd5 Nxd5 30. Nxd5 Bxd5 31. Ba6 Be6 32. Ke3 Bd5 33. Kf2 Be6 34. Ke3 1/2-1/2

[Event "RM-2018-0-00182"]
[Site "LSS email"]
[Date "2018.04.12"]
[Round "?"]
[White "McLeod, Sylvester"]
[Black "Gesicki, Jacek"]
[Result "1/2-1/2"]
[WhiteElo "2329"]
[BlackElo "2399"]
[PlyCount "93"]
[EventDate "2018.02.03"]
[EventType "tourn (corr)"]
[EventRounds "6"]
[EventCountry "GER"]
[SourceTitle "Corr 2022"]
[Source "ChessBase"]
[SourceDate "2021.10.24"]
[SourceVersion "1"]
[SourceVersionDate "2021.10.24"]
[SourceQuality "1"]

1. d4 Nf6 2. c4 g6 3. Nc3 Bg7 4. e4 d6 5. Nf3 0-0 6. Be2 e5 7. 0-0 Nc6 8. d5 Ne7 9. b4 Nh5 10. Re1 a5 11. bxa5 Rxa5 12. Nd2 Nf4 13. Bf1 c5 14. Nb5 Ra6 15. a4 g5 16. Nb1 Kh8 17. g3 g4 18. N1c3 Nh3+ 19. Bxh3 gxh3 20. Ra3 Ng8 21. Qh5 Bd7 22. Rf1 f5 23. Bg5 Bf6 24. f4 Qe7 25. exf5 Bxf5 26. Bxf6+ Rxf6 27. Qe2 Bg6 28. a5 Rf7 29. fxe5 Rxf1+ 30. Qxf1 Qxe5 31. Nd1 b6 32. axb6 Rxb6 33. Qxh3 Qe1+ 34. Qf1 Qxf1+ 35. Kxf1 Nf6 36. Ne3 Be4 37. Nc3 Bg6 38. g4 Rb2 39. h4 Kg7 40. Ncd1 Rb1 41. Ra7+ Kh8 42. Ra8+ Kg7 43. Ra7+ Kh8 44. Ke2 h5 45. gxh5 Bxh5+ 46. Kd2 Bg6 47. Re7 1/2-1/2

[Event "RM-2018-0-00180"]
[Site "LSS email"]
[Date "2018.04.01"]
[Round "?"]
[White "Willmann, Bernd"]
[Black "Gesicki, Jacek"]
[Result "1/2-1/2"]
[WhiteElo "2275"]
[BlackElo "2393"]
[PlyCount "36"]
[EventDate "2017.11.15"]
[EventType "tourn (corr)"]
[EventRounds "6"]
[EventCountry "GER"]
[SourceTitle "Corr 2022"]
[Source "ChessBase"]
[SourceDate "2021.10.24"]
[SourceVersion "1"]
[SourceVersionDate "2021.10.24"]
[SourceQuality "1"]

1. d4 Nf6 2. Nf3 g6 3. g3 Bg7 4. Bg2 d5 5. 0-0 0-0 6. Bf4 Nbd7 7. Nbd2 b6 8. b4 Bb7 9. Rc1 c5 10. bxc5 bxc5 11. c3 Rc8 12. Rb1 Ba8 13. Qa4 Ne4 14. Nxe4 dxe4 15. Ne5 Nb6 16. Qxa7 Nd5 17. Bd2 e3 18. fxe3 Bxe5 1/2-1/2

[Event "ZH-2018-0-01656"]
[Site "LSS email"]
[Date "2018.02.02"]
[Round "?"]
[White "Gesicki, Jacek"]
[Black "Kahl, Fred"]
[Result "1/2-1/2"]
[WhiteElo "2393"]
[BlackElo "2399"]
[PlyCount "47"]
[EventDate "2018.01.13"]
[EventType "match (corr)"]
[EventRounds "2"]
[EventCountry "GER"]
[SourceTitle "Corr 2022"]
[Source "ChessBase"]
[SourceDate "2021.10.24"]
[SourceVersion "1"]
[SourceVersionDate "2021.10.24"]
[SourceQuality "1"]

1. e4 c5 2. Nf3 e6 3. d4 cxd4 4. Nxd4 Nc6 5. Nc3 Qc7 6. Be3 a6 7. a3 b5 8. Nb3 Nf6 9. f4 b4 10. axb4 Bxb4 11. Bd3 d5 12. e5 d4 13. Nxd4 Nd5 14. Be4 Bxc3+ 15. bxc3 Nxe3 16. Bxc6+ Qxc6 17. Nxc6 Nxd1 18. Kxd1 Bb7 19. Nd4 Bxg2 20. Rg1 Be4 21. Kd2 Ke7 22. h4 g6 23. c4 Rhc8 24. Ke3 1/2-1/2

[Event "ZH-2017-0-01635"]
[Site "LSS email"]
[Date "2017.11.22"]
[Round "?"]
[White "Gesicki, Jacek"]
[Black "Simal Moreira, Leonardo"]
[Result "1/2-1/2"]
[WhiteElo "2385"]
[BlackElo "2346"]
[PlyCount "45"]
[EventDate "2017.10.29"]
[EventType "match (corr)"]
[EventRounds "2"]
[EventCountry "GER"]
[SourceTitle "Corr 2022"]
[Source "ChessBase"]
[SourceDate "2021.10.24"]
[SourceVersion "1"]
[SourceVersionDate "2021.10.24"]
[SourceQuality "1"]

1. e4 e6 2. d4 d5 3. Nd2 c5 4. exd5 Qxd5 5. Ngf3 cxd4 6. Bc4 Qd8 7. 0-0 a6 8. Nb3 Nc6 9. Nbxd4 Nxd4 10. Nxd4 Qc7 11. Bb3 Bd6 12. Re1 Ne7 13. Qh5 0-0 14. Be3 Ng6 15. Rad1 b5 16. Nf3 Nf4 17. Qg4 a5 18. c3 a4 19. Bc2 f5 20. Qh4 Ng6 21. Qh5 Ne5 22. Nxe5 Bxe5 23. Bb6 1/2-1/2

[Event "ZH-2017-0-01635"]
[Site "LSS email"]
[Date "2017.11.22"]
[Round "?"]
[White "Simal Moreira, Leonardo"]
[Black "Gesicki, Jacek"]
[Result "1/2-1/2"]
[WhiteElo "2346"]
[BlackElo "2385"]
[PlyCount "43"]
[EventDate "2017.10.29"]
[EventType "match (corr)"]
[EventRounds "2"]
[EventCountry "GER"]
[SourceTitle "Corr 2022"]
[Source "ChessBase"]
[SourceDate "2021.10.24"]
[SourceVersion "1"]
[SourceVersionDate "2021.10.24"]
[SourceQuality "1"]

1. e4 c5 2. Nc3 Nc6 3. Nf3 d6 4. d4 cxd4 5. Nxd4 Nf6 6. Bg5 e6 7. Qd2 a6 8. Be2 h6 9. Nxc6 bxc6 10. Bf4 Be7 11. 0-0 e5 12. Bg3 a5 13. f4 0-0 14. Kh1 a4 15. fxe5 dxe5 16. Qxd8 Rxd8 17. Rad1 Ra5 18. Rxd8+ Bxd8 19. Bf2 Be6 20. Rd1 Ra8 21. a3 g5 22. Kg1 1/2-1/2

[Event "SM-2017-0-00382"]
[Site "LSS email"]
[Date "2017.09.10"]
[Round "?"]
[White "Steinke, Ruediger"]
[Black "Gesicki, Jacek"]
[Result "1/2-1/2"]
[WhiteElo "2348"]
[BlackElo "2394"]
[PlyCount "33"]
[EventDate "2017.07.31"]
[EventType "tourn (corr)"]
[EventRounds "6"]
[EventCountry "GER"]
[SourceTitle "Corr 2022"]
[Source "ChessBase"]
[SourceDate "2021.10.24"]
[SourceVersion "1"]
[SourceVersionDate "2021.10.24"]
[SourceQuality "1"]

1. e4 Nf6 2. e5 Nd5 3. d4 d6 4. Nf3 g6 5. Bc4 Nb6 6. Bb3 Bg7 7. Qe2 0-0 8. h3 Nc6 9. 0-0 Na5 10. Nc3 Nxb3 11. axb3 a5 12. Bf4 Be6 13. Rfd1 Nd5 14. Nxd5 Bxd5 15. c4 Bxf3 16. Qxf3 Qc8 17. Rd3 1/2-1/2

[Event "SM-2017-0-00373"]
[Site "LSS email"]
[Date "2017.04.08"]
[Round "?"]
[White "Gesicki, Jacek"]
[Black "Cvak, Rudolf"]
[Result "1/2-1/2"]
[WhiteElo "2390"]
[BlackElo "2267"]
[PlyCount "33"]
[EventDate "2017.01.17"]
[EventType "tourn (corr)"]
[EventRounds "6"]
[EventCountry "GER"]
[SourceTitle "Corr 2022"]
[Source "ChessBase"]
[SourceDate "2021.10.24"]
[SourceVersion "1"]
[SourceVersionDate "2021.10.24"]
[SourceQuality "1"]

1. e4 e5 2. Nf3 Nc6 3. Bb5 Nf6 4. d3 Bc5 5. c3 0-0 6. 0-0 d6 7. h3 a6 8. Ba4 b5 9. Bc2 Ba7 10. Re1 h6 11. Nbd2 Be6 12. Nf1 d5 13. exd5 Nxd5 14. Ng3 Qd6 15. Nh4 f5 16. Qh5 Nce7 17. Qe2 1/2-1/2